Normal view
MARC view
Entry Personal Name
001 - CONTROL NUMBER
- control field: 315
003 - CONTROL NUMBER IDENTIFIER
- control field: OSt
005 - DATE AND TIME OF LATEST TRANSACTION
- control field: 20150625162838.0
008 - FIXED-LENGTH DATA ELEMENTS
- fixed length control field: 150625|| aca||aabn | a|a d
040 ## - CATALOGING SOURCE
- Original cataloging agency: OSt
- Transcribing agency: OSt
100 ## - HEADING--PERSONAL NAME
- Personal name: कुमार,पूर्णेन्दु
670 ## - SOURCE DATA FOUND
- Source citation: Work cat.: (OSt)49071: कुमार,पूर्णेन्दु, मास्टर गाइड SSC संयुक्त स्नातक स्तर Tier-1 परीक्षा, 2014









